LEADER 00998cam1 22002771 450 001 SOBE00024007 005 20120329094214.0 100 $a20120329g00009999|||||ita|0103 ba 101 $aeng 102 $aGB 200 1 $aOn Architecture$ein two volumes$fVitruvius$gedited from the harleian manuscript 2767 and translated into english by Frank Granger 210 $aLondon$cHeinemann$aCambridge, Massachusetts$cHarvard University Press 215 $av.$d16 cm 225 2 $aLoeb Classical Library 300 $aTesto latino a fronte 410 1$1001LAEC00022597$12001 $aThe *Loeb Classical Library 463 1$1001SOBE00024010$12000 $a1 / Vitruvius 463 1$1001SOBE00024015$12000 $a2 / Vitruvius 700 1$aVitruvius$b, Pollio$3A600200029445$4070$08237 702 1$aGranger, Frank$3SOBA00003445$4070 801 0$aIT$bUNISOB$c20120329$gRICA 912 $aSOBE00024007 940 $aM 102 Monografia moderna SBN 941 $aM 996 $aDe architectura$918291 997 $aUNISOB